The man who learnt to fly but could not land/ (Record no. 186518)

MARC details
000 -LEADER
fixed length control field 00607nam a22001817a 4500
005 - DATE AND TIME OF LATEST TRANSACTION
control field 20220420142657.0
010 ## - LCCN (DPL NO)
LC control number ENG-131875
020 ## - INTERNATIONAL STANDARD BOOK NUMBER
International Standard Book Number 9789389253207
Terms of availability 450.00
035 ## - SYSTEM CONTROL NUMBER
System control number EN-115407
037 ## - SOURCE OF ACQUISITION
Source of stock number/acquisition DBAD/PUB
082 ## - DEWEY DECIMAL CLASSIFICATION NUMBER
Classification number 880
Item number 1
100 ## - MAIN ENTRY--PERSONAL NAME
Personal name Rajeevan, Thachom Poyil
245 ## - TITLE STATEMENT
Title The man who learnt to fly but could not land/
Statement of responsibility, etc Thachom Poyil Rajeevan
260 ## - PUBLICATION, DISTRIBUTION, ETC. (IMPRINT)
Name of publisher, distributor, etc Hachette book Publishing India pvt. Ltd
Place of publication, distribution, etc Gurugram
Date of publication, distribution, etc 2020
270 ## - ADDRESS
Address 4th &5th Floors, Corporate Center plot no. 94 Sector 44,
City Gurugram
Postal code 122003
300 ## - PHYSICAL DESCRIPTION
Extent vii,328p.
Dimensions 20cm(Pbk)
942 ## - ADDED ENTRY ELEMENTS (KOHA)
Source of classification or shelving scheme Dewey Decimal Classification
Item type English Books
Classification part 880
Call number suffix RAJ
Holdings
Withdrawn status Lost status Not for loan Collection code Home library Current library Date acquired Source of acquisition Cost, normal purchase price Full call number Barcode Copy number Cost, replacement price Koha item type
      Non-fiction Central Library Central Library 08/03/2022 DBAD/PUB 450.00 880 RAJ EN-115407 1 450.00 English Books

© Delhi Public Library
Hit Counter
free hit counter